00793nam a2200205 a 450000100100000000500170001000800410002702000150006804000250008308200150010810000330012324501070015626000460026330000350030950400300034458600460037470000370042095201130045799900170057000004300820201002040552.0140217s1999 nyuabc 000 0 spa d a0393317552 aDO-SdBNPbspacBNPHU axxxxbxxxx1 aDiamond, Jaredd1937-97052810aGuns, germs, and steel :bthe fates of human societies /cJared M. Diamond ; prologue Yali's Question. aNew York :bW.W. Norton & Company,c1999. a480 p. :bill., maps ;c24 cm. aBibliography : p. 459-460 aPulitzer Prize, General Nonfiction, 1998.12aQuestion, Yali'sepról.970529 001050718MOaGRbGRcCTd2014-02-17iLF1l0oxxxx xxxxp43008-10r2020-06-25w2020-06-25y1ZNo se presta c42497d42497